MARC

LEADER 00000nas a2200000 a 4500
001 ssj0025420
003 WaSeSS
005 20200512172242.0
006 m d
007 cr n
008 040113d20012013mdubr pss 0 a0eng
010 |a  2004210601 
015 |a GBB430994  |2 bnb 
016 7 |a 013342092  |2 Uk 
022 |a 1550-8366  |l 1550-8366  |y 1931-6550 
035 |a (WaSeSS)ssj0025420 
040 |a DLC  |b eng  |c DLC  |d OCLCQ  |d NSD  |d NLGGC  |d NSD  |d OCLCQ  |d IUL  |d DOS  |d OCLCQ  |d DLC  |d UKMGB  |d OCLCQ  |d DLC  |d OCLCF  |d DLC  |d CUS  |d OCLCQ  |d DLC  |d OCLCE  |d CSU  |d OCLCO  |d OCLCQ  |d VT2  |d LVT  |d ZAC  |d NLE  |d UX1  |d U3W  |d WYU  |d OCLCQ  |d OCLCO  |d L2U  |d WaSeSS 
042 |a pcc  |a nsdp  |a dlr 
050 0 0 |a Z699.A1 
082 1 0 |a 020  |2 13 
130 0 |a Bulletin of the American Society for Information Science and Technology (Online) 
210 0 |a Bull. Am. Soc. Inf. Sci. Technol.  |b (Online) 
222 0 |a Bulletin of the American Society for Information Science and Technology  |b (Online) 
245 1 0 |a Bulletin of the American Society for Information Science and Technology  |h [electronic resource]. 
246 1 |a Bulletin 
260 |a [Silver Spring, MD] :  |b American Society for Information Science and Technology,  |c ©2001- 
310 |a Bimonthly 
362 0 |a Vol. 27, no. 2 (Dec./Jan. 2001)- 
362 1 |a Ceased with: Vol. 39, no. 3 (Feb./Mar. 2013). 
500 |a Title from PDF image (ProQuest; viewed: 11/9/2006). 
506 |a License restrictions may limit access. 
515 |a Some issues misnumbered. 
515 |a Vol. numbering begins with Oct., ends with Sept. 
538 |a Master and use copy. Digital master created according to Benchmark for Faithful Digital Reproductions of Monographs and Serials, Version 1. Digital Library Federation, December 2002.  |u http://purl.oclc.org/DLF/benchrepro0212  |5 MiAaHDL 
538 |a Mode of access: World Wide Web. 
550 |a Published on behalf of: ASIS & T, American Society for Information Science and Technology. 
583 1 |a digitized  |c 2010  |h HathiTrust Digital Library  |l committed to preserve  |2 pda  |5 MiAaHDL 
588 |a Latest issue consulted: Vol. 33, no. 5 (June/July 2007) (publisher Web site, viewed Sept. 11, 2007). 
610 2 0 |a American Society for Information Science and Technology  |v Periodicals. 
610 2 7 |a American Society for Information Science and Technology.  |2 fast  |0 (OCoLC)fst00758572 
650 0 |a Information science  |v Periodicals. 
650 0 |a Information storage and retrieval systems  |v Periodicals. 
650 6 |a Sciences de l'information  |v Périodiques. 
650 6 |a Bibliothéconomie  |x Informatique  |v Périodiques. 
650 7 |a 06.00 documentary information: general.  |0 (NL-LeOCL)077592891  |2 bcl 
650 7 |a Information science.  |2 fast  |0 (OCoLC)fst00972640 
650 7 |a Information storage and retrieval systems.  |2 fast  |0 (OCoLC)fst00972781 
650 1 7 |a Informatiewetenschap.  |2 gtt 
655 0 |a Electronic journals. 
710 2 |a American Society for Information Science and Technology. 
776 0 8 |i Print version, 2001-2007:  |t Bulletin of the American Society for Information Science and Technology  |x 1931-6550  |w (DLC) 2001261136  |w (OCoLC)46352033 
780 0 0 |t Bulletin of the American Society for Information Science (Online)  |x 2163-4289  |w (DLC) 2006238923  |w (OCoLC)38377857 
785 0 0 |t Bulletin of the Association for Information Science & Technology  |x 2373-9223  |w (DLC) 2014203248  |w (OCoLC)881402445 
850 |a DLC 
853 2 0 |8 1  |a v.  |b no.  |u 6  |v r  |i (year)  |j (month/month)  |w b  |x 10/11 
856 4 0 |z Full text available from Research Library: 2001 to 05/31/2007  |u https://search.proquest.com/publication/17483 
856 4 0 |z Full text available from Research Library: 06/01/2007 to 06/30/2017  |u https://search.proquest.com/publication/38835 
863 4 1 |8 1.1  |a 27  |b 2  |i 2001  |j 12/01